Electoral systems and turnout : evidence from a regression discontinuity design /

This case study will show you how to carry out a Regression Discontinuity Design by way of an example about voter turnout in elections. In 2002, municipalities in Poland were assigned to either a majoritarian or a proportional electoral system based on a population threshold of 20,000 inhabitants. T...

Full description

Bibliographic Details
Main Authors: Kantorowicz, Jaroslaw (Author), Hlobil, Tobias M. (Author)
Format: eBook
Language:English
Published: London : SAGE Publications Ltd, 2020.
Series:SAGE Research Methods. Cases.
Subjects:
Online Access:Connect to the full text of this electronic book

MARC

Tag First Indicator Second Indicator Subfields
LEADER 00000cam a2200000Mi 4500
001 in00005495391
006 m o d
007 cr |||||||||||
008 200107s2020 enka fob 000 0 eng d
005 20240923170410.2
035 |a (OCoLC)on1136914495 
040 |a SGPBL  |b eng  |e rda  |e pn  |c SGPBL  |d OCLCO  |d OCLCF  |d OCLCO  |d OCLCL 
020 |a 9781529716764  |q (ebook) 
020 |a 1529716764 
035 |a (OCoLC)1136914495 
043 |a e-pl--- 
050 4 |a JN6768  |b .K36 2020 
082 0 4 |a 324.9438057 
049 |a TXAM 
100 1 |a Kantorowicz, Jaroslaw,  |e author. 
245 1 0 |a Electoral systems and turnout :  |b evidence from a regression discontinuity design /  |c Jaroslaw Kantorowicz & Tobias M. Hlobil. 
264 1 |a London :  |b SAGE Publications Ltd,  |c 2020. 
300 |a 1 online resource :  |b illustrations. 
336 |a text  |b txt  |2 rdacontent 
337 |a computer  |b c  |2 rdamedia 
338 |a online resource  |b cr  |2 rdacarrier 
490 1 |a SAGE Research Methods. Cases 
504 |a Includes bibliographical references and index. 
520 8 |a This case study will show you how to carry out a Regression Discontinuity Design by way of an example about voter turnout in elections. In 2002, municipalities in Poland were assigned to either a majoritarian or a proportional electoral system based on a population threshold of 20,000 inhabitants. This assignment by use of a population threshold introduces a discontinuity that splits practically identical municipalities into two groups, one group with a proportional electoral system and another group with a majoritarian electoral system. We will show you in this case study how to use this discontinuity to reliably and accurately estimate the effect of a change from a majoritarian to a proportional electoral system on voter turnout. 
588 |a Description based on XML content. 
650 0 |a Voter turnout  |z Poland  |v Case studies. 
650 0 |a Elections  |z Poland  |v Case studies. 
650 6 |a Participation électorale  |z Pologne  |v Études de cas. 
650 6 |a Élections  |z Pologne  |v Études de cas. 
650 7 |a Elections.  |2 fast  |0 (OCoLC)fst00904324 
650 7 |a Voter turnout.  |2 fast  |0 (OCoLC)fst01895823 
651 7 |a Poland.  |2 fast  |0 (OCoLC)fst01206891  |1 https://id.oclc.org/worldcat/entity/E39QbtfRgyP3qcDKmj68x7FVbM 
655 7 |a Case studies.  |2 fast  |0 (OCoLC)fst01423765 
700 1 |a Hlobil, Tobias M.,  |e author. 
830 0 |a SAGE Research Methods.  |p Cases. 
856 4 0 |u http://proxy.library.tamu.edu/login?url=https://methods.sagepub.com/case/electoral-systems-turnout-evidence-regression-discontinuity-design  |z Connect to the full text of this electronic book  |t 0 
955 |a SAGE eBooks 
955 |a SAGE Research Methods Cases 1 
994 |a 92  |b TXA 
999 f f |s 53c01d14-bbf4-4e37-bfcb-dbcb1b8cf1f9  |i 9b3c6dfe-7412-453a-ae92-4885ecef8003  |t 0 
952 f f |a Texas A&M University  |b College Station  |c Electronic Resources  |d Available Online  |t 0  |e JN6768 .K36 2020  |h Library of Congress classification 
998 f f |a JN6768 .K36 2020  |t 0  |l Available Online